000 00833nam a2200205 a 4500
003 0
005 20250422083417.0
008 970114s19uu xx 00 eng d
050 _aPGS QA 76.9.C66
_b.P579 2003
100 _aPiad, Regine Camille M.
245 _aComputer habits and the effects of personal computer to the grade 6 students of Southville International School /
_cRegine Camille M. Piad.
260 _aLas PiƱas City, Philippines :
_bSouthville International School and Colleges,
_c2003.
300 _a57 pages :
_bcolored illustrations ;
_c28 cm.
504 _aIncludes bibliographical references.
650 _aComputers and children.
650 _aComputer literacy
_vStudy and teaching (Elementary).
650 _aComputer games
_vPsychological aspects.
650 _aTechnology and youth.
942 _2lcc
_cPASS
999 _c96911
_d96911